Quiz: Pokémon - Entwicklungen per Zufall - Statistiken

Allgemein
  • Dieses Quiz wurde 315 mal gespielt
    298 seit der letzten Aktualisierung
  • Das Durchschnittsergebnis liegt bei 16 aus 25
Antwortstatistiken
Pokémon ➡ Entwicklung % Korrekt
Nebulak ➡ Alpollo
100%
Amonitas ➡ Amoroso
100%
Rettan ➡ Arbok
100%
Marill ➡ Azumarill
100%
Bisasam ➡ Bisaknosp
100%
Draschel ➡ Brutalanda
100%
Wonneira ➡ Chaneira
100%
Digda ➡ Digdri
100%
Dodu ➡ Dodri
100%
Lilminip ➡ Dressella
100%
Kapuno ➡ Duodino
100%
Enton ➡ Entoron
100%
Flampion ➡ Flampivian
100%
Karpador ➡ Garados
100%
Alpollo ➡ Gengar
100%
Georok ➡ Geowaz
100%
Goldini ➡ Golking
100%
Wadribie ➡ Honweisel
100%
Hunduster ➡ Hundemon
100%
Habitak ➡ Ibitak
100%
Golbat ➡ Iksbat
100%
Tyracroc ➡ Impergator
100%
Pliprin ➡ Impoleon
100%
Krabby ➡ Kingler
100%
Klikk ➡ Kliklak
100%
Knarksel ➡ Knakrack
100%
Tragosso ➡ Knogga
100%
Flegmon ➡ Lahmus
100%
Lampi ➡ Lanturn
100%
Voltobal ➡ Lektrobal
100%
Luxio ➡ Luxtra
100%
Maschock ➡ Machomei
100%
Magby ➡ Magmar
100%
Machollo ➡ Maschock
100%
Nidorina ➡ Nidoqueen
100%
Bluzuk ➡ Omot
100%
Pantimimi ➡ Pantimos
100%
Piepi ➡ Pixi
100%
Porygon2 ➡ Porygon - Z
100%
Fluffeluff ➡ Pummeluff
100%
Rattfratz ➡ Rattikarl
100%
Rihorn ➡ Rizeros
100%
Knospi ➡ Roselia
100%
Sandan ➡ Sandamer
100%
Schluppuck ➡ Schluckwech
100%
Kadabra ➡ Simsala
100%
Skunkapuh ➡ Skuntank
100%
Smogon ➡ Smogmog
100%
Sniebel ➡ Snibunna
100%
Sterndu ➡ Starmie
100%
Stollunior ➡ Stollrak
100%
Praktibalk ➡ Strepoli
100%
Taubsi ➡ Tauboga
100%
Vulpix ➡ Vulnona
100%
Wailmer ➡ Wailord
100%
Seejong ➡ Walraisa
100%
Fukano ➡ Arkani
92%
Yanma ➡ Yanmega
91%
Kabuto ➡ Kabutops
90%
Azurill ➡ Marill
90%
Panpyro ➡ Panferno
90%
Sleima ➡ Sleimok
90%
Tauboga ➡ Tauboss
90%
Knofensa ➡ Ultrigaria
90%
Schilterus ➡ Bollterus
89%
Pummeluff ➡ Knuddeluff
89%
Endivie ➡ Lorblatt
89%
Quapsel ➡ Quaputzi
89%
Togepi ➡ Togetic
89%
Zwottronin ➡ Admurai
88%
Bamelin ➡ Bojelin
88%
Glutexo ➡ Glurak
88%
Glumanda ➡ Glutexo
88%
Zubat ➡ Golbat
88%
Owei ➡ Kokowei
88%
Fiffyen ➡ Magnayen
88%
Magnetilo ➡ Magneton
88%
Mobai ➡ Mogelbaum
88%
Mampfaxo ➡ Relaxo
88%
Seeper ➡ Seemon
88%
Drapfel ➡ Sirapfel
88%
Mauzi ➡ Snobilikat
88%
Tangela ➡ Tangoloss
88%
Igelavar ➡ Tornupto
88%
Traunfugil ➡ Traunmagil
88%
Schillok ➡ Turtok
88%
Bisaknosp ➡ Bisaflor
86%
Samurzel ➡ Blanas
86%
Myrapla ➡ Duflor
86%
Eneco ➡ Enekoro
86%
Krebscorps ➡ Krebutack
86%
Magmar ➡ Magbrant
86%
Magneton ➡ Magnezone
86%
Pii ➡ Piepi
86%
Kussilla ➡ Rossana
86%
Ponita ➡ Gallopa
85%
Geckarbor ➡ Reptain
85%
Stollrak ➡ Stolloss
85%
Phanpy ➡ Donphan
83%
Dummisel ➡ Dummimisel
83%
Ferkokel ➡ Flambirex
83%
Snubbull ➡ Granbull
83%
Abra ➡ Kadabra
83%
Ledyba ➡ Ledian
83%
Finneon ➡ Lumineon
83%
Wingull ➡ Pelipper
83%
Porygon ➡ Porygon2
83%
Menki ➡ Rasaff
83%
Glibunkel ➡ Toxiquak
83%
Zwirrlicht ➡ Zwirrklop
83%
Hefel ➡ Backel
82%
Bidiza ➡ Bidifas
82%
Pionskora ➡ Piondragi
82%
Skorgla ➡ Skorgro
82%
Typ: Null ➡ Amigento
80%
Muschas ➡ Austos
80%
Picochilla ➡ Chillabell
80%
Chimpep ➡ Chimstix
80%
Cosmog ➡ Cosmovum
80%
Dragonir ➡ Dragoran
80%
Serpifeu ➡ Efoserp
80%
Dartignis ➡ Fiaro
80%
Knilz ➡ Kapilz
80%
Trasla ➡ Kirlia
80%
Bummelz ➡ Muntier
80%
Pamomo ➡ Pamomamo
80%
Pikachu ➡ Raichu
80%
Duodino ➡ Trikephalo
80%
Teddiursa ➡ Ursaring
80%
Zorua ➡ Zoroark
80%
Zwirrklop ➡ Zwirrfinst
80%
Dratini ➡ Dragonir
78%
Mantirps ➡ Mantax
78%
Kanivanha ➡ Tohaido
78%
Garstella ➡ Aggrostella
75%
Lithomith ➡ Castellith
75%
Driftlon ➡ Drifzepeli
75%
Tannza ➡ Forstellka
75%
Reptain ➡ Gewaldro
75%
Traumato ➡ Hypno
75%
Krakeelo ➡ Krawumms
75%
Mangunior ➡ Manguspektor
75%
Meltan ➡ Melmetal
75%
Snomnom ➡ Mottineva
75%
Nidorino ➡ Nidoking
75%
Pampuli ➡ Pampross
75%
Hubelupf ➡ Papungha
75%
Amphizel ➡ Quajutsu
75%
Rokkaiman ➡ Rabigator
75%
Roselia ➡ Roserade
75%
Ultrigaria ➡ Sarzenia
75%
Seemops ➡ Seejong
75%
Sonnkern ➡ Sonnflora
75%
Blanas ➡ Tengulist
75%
Tentacha ➡ Tentoxa
75%
Frizelbliz ➡ Voltenso
75%
Ottaro ➡ Zwottronin
75%
Mitodos ➡ Zytomega
75%
Flemmli ➡ Jungglut
73%
eF - eM ➡ Uhafnir
73%
Zapplardin ➡ Zapplalek
73%
Elektek ➡ Elevoltek
71%
Fleknoil ➡ Fletiamo
71%
Gruff ➡ Friedwuff
71%
Scoppel ➡ Grebbit
71%
Grillmak ➡ Grillchita
71%
Hippopotas ➡ Hippoterus
71%
Sirapfel ➡ Hydrapfel
71%
Hornliu ➡ Kokuna
71%
Lichtel ➡ Laternecto
71%
Vibrava ➡ Libelldra
71%
Pichu ➡ Pikachu
71%
Larvitar ➡ Pupitar
71%
Shuppet ➡ Banette
70%
Gramokles ➡ Duokles
70%
Phlegleon ➡ Intelleon
70%
Paras ➡ Parasek
70%
Onix ➡ Stahlos
70%
Staralili ➡ Staravia
70%
Makuhita ➡ Hariyama
69%
Mabula ➡ Akkup
67%
Molunk ➡ Amfira
67%
Chelcarain ➡ Chelterrar
67%
Damhirplex ➡ Damythir
67%
Pupitar ➡ Despotar
67%
Floink ➡ Ferkokel
67%
Gelatini ➡ Gelatroppo
67%
Kleinstein ➡ Georok
67%
Golbit ➡ Golgantes
67%
Kickerlo ➡ Liberlo
67%
Jungglut ➡ Lohgock
67%
Riolu ➡ Lucario
67%
Keifel ➡ Mamutel
67%
Strepoli ➡ Meistagrif
67%
Hoothoot ➡ Noctuh
67%
Tuska ➡ Noktuska
67%
Remoraid ➡ Octillery
67%
Panflam ➡ Panpyro
67%
Plinfa ➡ Pliprin
67%
Psiau ➡ Psiaugon
67%
Leufeo ➡ Pyroleo
67%
Ignivor ➡ Ramoth
67%
Milza ➡ Sharfax
67%
Charmian ➡ Shnurgarst
67%
Safcon ➡ Smettbo
67%
Staravia ➡ Staraptor
67%
Trompeck ➡ Tukanon
67%
Karnimani ➡ Tyracroc
67%
Ursaring ➡ Ursaluna
67%
Vegimak ➡ Vegichita
67%
Isso ➡ Woingenau
67%
Unratütox ➡ Deponitox
64%
Flabébé ➡ Floette
64%
Seemon ➡ Seedraking
64%
Floette ➡ Florges
63%
Kliklak ➡ Klikdiklak
63%
Gehweiher ➡ Maskeregen
63%
Miniras ➡ Mediras
63%
Barschwa ➡ Milotic
63%
Monozyto ➡ Mitodos
63%
Raupy ➡ Safcon
63%
Kiesling ➡ Sedimantur
62%
Scampisto ➡ Wummer
62%
Elezeba ➡ Zebritz
62%
Wommel ➡ Bandelby
60%
Bronzel ➡ Bronzong
60%
Camaub ➡ Camerupt
60%
Frospino ➡ Cryospino
60%
Frubaila ➡ Fruyal
60%
Spoink ➡ Groink
60%
Lombrero ➡ Kappalores
60%
Leufeo ➡ Pyroleo
60%
Moorabbel ➡ Sumpex
60%
Algitt ➡ Tandrak
60%
Wattzapf ➡ Voltula
60%
Voltilamm ➡ Waaty
60%
Wiesor ➡ Wiesenior
60%
Zapplalek ➡ Zapplarang
60%
Zirpurze ➡ Zirpeise
60%
Flamiau ➡ Miezunder
58%
Hydropi ➡ Moorabbel
58%
Schmerbe ➡ Welsar
58%
Webarak ➡ Ariados
57%
Kokuna ➡ Bibor
57%
Iscalar ➡ Calamanero
57%
Zwieps ➡ Famieps
57%
Feurigel ➡ Igelavar
57%
Kamehaps ➡ Kamalm
57%
Klopptopus ➡ Kaocto
57%
Kikugi ➡ Kinoso
57%
Knattox ➡ Knattatox
57%
Muntier ➡ Letarking
57%
Schallquap ➡ Mebrana
57%
Balgoras ➡ Monagoras
57%
Flauschling ➡ Sabbaione
57%
Salanga ➡ Sanaconda
57%
Schlurp ➡ Schlurplek
57%
Yorkleff ➡ Terribark
57%
Geradaks ➡ Barrikadax
56%
Lahmus ➡ Laschoking
56%
Porenta ➡ Lauchzelot
56%
Puppance ➡ Lepumentas
56%
Rotomurf ➡ Stalobor
56%
Reißlaus ➡ Tectass
56%
Felilou ➡ Kleoparda
55%
Kaumalat ➡ Knarksel
55%
Geronimatz ➡ Washakwil
55%
Parfi ➡ Parfinesse
54%
Wablu ➡ Altaria
50%
Amarino ➡ Amagarga
50%
Griffel ➡ Ambidiffel
50%
Terribark ➡ Bissbark
50%
Igastarnish ➡ Brigaron
50%
Sedimantur ➡ Brockoloss
50%
Gladiantri ➡ Caesurio
50%
Rollum ➡ Cerapendra
50%
Waumboll ➡ Elfun
50%
Ferkuli ➡ Fragrunz
50%
Schalellos ➡ Gastrodon
50%
Kleptifux ➡ Gaunux
50%
Zigzachs ➡ Geradaks
50%
Chimstix ➡ Gortrom
50%
Chilingel ➡ Halupenjo
50%
Chaneira ➡ Heiteira
50%
Hoppspross ➡ Hubelupf
50%
Schnuthelm ➡ Hydragil
50%
Jurob ➡ Jugong
50%
Flaniwal ➡ Kolowal
50%
Flurmel ➡ Krakeelo
50%
Loturzel ➡ Lombrero
50%
Schneckmag ➡ Magcargo
50%
Folikon ➡ Matrifol
50%
Sharfax ➡ Maxax
50%
Pygraulon ➡ Megalon
50%
Lorblatt ➡ Meganie
50%
Hypnomorba ➡ Morbitesse
50%
Schaloko ➡ Papinella
50%
Bähmon ➡ Pelzebub
50%
Rizeros ➡ Rihornior
50%
Schiggy ➡ Schillok
50%
Haspiror ➡ Schlapor
50%
Schligda ➡ Schligdri
50%
Schwalbini ➡ Schwalboss
50%
Efoserp ➡ Serpiroyal
50%
Petznief ➡ Siberio
50%
Arboretoss ➡ Silvarro
50%
Piccolente ➡ Swaroness
50%
Togetic ➡ Togekiss
50%
Knacklion ➡ Vibrava
50%
Voltrel ➡ Voltrean
50%
Wuffels ➡ Wolwerock
50%
Natu ➡ Xatu
50%
Wolly ➡ Zwollock
50%
Toxel ➡ Riffex
46%
Picuda ➡ Barrakiefa
44%
Memmeon ➡ Phlegleon
44%
Viacargot ➡ Viscogon
44%
Rutena ➡ Fennexis
43%
Kwaks ➡ Fuentente
43%
Tarnpignon ➡ Hutsassa
43%
Quiekel ➡ Keifel
43%
Marikeck ➡ Primarene
43%
Koknodon ➡ Rameidon
43%
Geosali ➡ Sedisal
43%
Nasgnet ➡ Voluminas
43%
Liliep ➡ Wielie
43%
Frubberl ➡ Frubaila
42%
Waaty ➡ Ampharos
40%
Froxy ➡ Amphizel
40%
Anorith ➡ Armaldo
40%
Voldi ➡ Bellektro
40%
Normifin ➡ Delfinator
40%
Akkup ➡ Donarion
40%
Strawickl ➡ Folikon
40%
Miezunder ➡ Fuegro
40%
Mediras ➡ Grandiras
40%
Zurrokex ➡ Irokex
40%
Sensect ➡ Keradar
40%
Sheinux ➡ Luxio
40%
Klingplim ➡ Palimpalim
40%
Grolldra ➡ Phandra
40%
Panekon ➡ Pudox
40%
Bithora ➡ Thanathora
40%
Blipp ➡ Wampitz
40%
Quabbel ➡ Apoquallyp
38%
Dusselgurr ➡ Navitaub
38%
Hokumil ➡ Pokusan
38%
Fynx ➡ Rutena
38%
Laternecto ➡ Skelabra
38%
Peppeck ➡ Trompeck
38%
Viscora ➡ Viscargot
38%
Krabbox ➡ Krawell
36%
Keradar ➡ Maritellit
36%
Cottini ➡ Cottomi
33%
Kindwurm ➡ Draschel
33%
Elekid ➡ Elektek
33%
Eguana ➡ Elezard
33%
Cryospino ➡ Espinodon
33%
Girafarig ➡ Farigiraf
33%
Gelatroppo ➡ Gelatwino
33%
Thermopod ➡ Infernopod
33%
Hopplo ➡ Kickerlo
33%
Olivinio ➡ Olithena
33%
Pamo ➡ Pamomo
33%
Flattutu ➡ Psiopatra
33%
Irrbis ➡ Pumpdjinn
33%
Brimano ➡ Silembrim
33%
Paragoni ➡ Trombork
33%
Puponcho ➡ Vivillon
33%
Baldorfish ➡ Myriador
30%
Kastadur ➡ Tentantel
30%
Tentagra ➡ Tenterra
30%
Sproxi ➡ Affiti
29%
Duokles ➡ Durengard
29%
Phandra ➡ Katapuldra
29%
Krokel ➡ Lokroko
29%
Gierspenst ➡ Monetigo
29%
Olini ➡ Olivinio
29%
Pam - Pam ➡ Pandagro
29%
Felori ➡ Feliospa
27%
Feliospa ➡ Maskagato
27%
Arktip ➡ Arktilas
25%
Fuentente ➡ Bailonda
25%
Mebrana ➡ Branawarz
25%
Mähikel ➡ Chevrumm
25%
Navitaub ➡ Fasasnob
25%
Skallyk ➡ Grypheldis
25%
Weherba ➡ Horrerba
25%
Sesokitz ➡ Kronjuwild
25%
Pelzebub ➡ Olangaar
25%
Purmel ➡ Puponcho
25%
Ganovil ➡ Rokkaiman
25%
Toxiped ➡ Rollum
25%
Relluk ➡ Skarabaks
25%
Somniam ➡ Somnivora
25%
Forgita ➡ Tafforgita
25%
Dakuma ➡ Wulaosu
25%
Barschuft ➡ Salmagnis
23%
Wagong ➡ Montecarbo
22%
Tarundel ➡ Spinsidias
22%
Tafforgita ➡ Granforgita
20%
Velursi ➡ Kosturso
20%
Kranoviz ➡ Krarmor
20%
Bubungus ➡ Lamellux
20%
Schlapfel ➡ Sirapfel
20%
Klonkett ➡ Wagong
20%
Flapteryx ➡ Aeropteryx
17%
Araqua ➡ Aranestro
17%
Imantis ➡ Mantidea
17%
Lokroko Skelokrok
17%
Igamaro ➡ Igastarnish
14%
Sedisal ➡ Saltigant
14%
Duraludon ➡ Briduradon
13%
Sankabuh ➡ Colossand
13%
Robball ➡ Marikeck
13%
Venicro ➡ Agoyon
0%
Bauz ➡ Arboretoss
0%
Brimova ➡ Brimano
0%
Laukaps ➡ Cavalanzas
0%
Chelast ➡ Chelcarain
0%
Dartiri ➡ Dartignis
0%
Mortcha ➡ Fatalitcha
0%
Mollimorba ➡ Hypnomorba
0%
Galapaflos ➡ Karippas
0%
Meikro ➡ Kranowiz
0%
Mobtiff ➡ Mastifioso
0%
Meditie ➡ Meditales
0%
Sodamak ➡ Sodachita
0%
Lin - Fu ➡ Wie - Shu
0%
Keine übereinstimmenden Quizze gefunden
Verteilung der Resultate
Anzahl Personen mit jedem Resultat
Perzentil nach korrekt beantworteten Fragen
Ihre Resultats-Entwicklung
Sie haben dieses Quiz seit der letzten Aktualisierung nicht gespielt